Tropical rain forest in South-East Asia : A pictorial journey

Bibliographic Details
Main Author: RUBELI
Format: Book
Published: Kuala Lumpur : Tropical Press , 1994 (1986)
Subjects:

MARC

LEADER 00000cam a2200000 7i4500
001 0000001169
005 20011031.0
020 0 0 |a 967730013X 
090 0 0 |a 333.7509595   |b RUB 1994 
100 1 0 |a RUBELI   |h Ken 
245 1 0 |a Tropical rain forest in South-East Asia :   |b A pictorial journey   |c photography and text by Ken Rubeli 
260 0 0 |a Kuala Lumpur :   |b Tropical Press ,   |c 1994 (1986) 
300 |a xiii, 234 p. :   |b col. ill. ;   |c 29 cm. 
500 0 0 |a Bibliography: [p. 227] and index 
650 0 0 |a Rain forest ecology   |z Asia, Southeastern 
650 0 0 |a Rain forests   |z Asia, Southeastern 
998 |a JPSM 
999 |a 0000000196   |b Monograph   |c Open Shelf   |e Default branch 
999 |a 0000002370   |b Monograph   |c Reference   |e Default branch